Największe miasta Północy Polski - Statystyki

Ogólne statystyki
  • Ten quiz został rozwiązany 240 razy
  • Średni wynik to 11 z 15
Statystyki odpowiedzi
lp. Populacja Miasto % Poprawnych
1 464 829 Gdańsk
98%
5 264 204 Gdynia
97%
2 403 274 Szczecin
96%
3 351 254 Bydgoszcz
85%
4 297 403 Białystok
84%
6 202 482 Toruń
84%
7 173 125 Olsztyn
83%
9 107 692 Koszalin
81%
8 120 568 Elbląg
79%
11 91 225 Słupsk
72%
13 69 693 Suwałki
70%
14 68 069 Stargard
53%
10 95 354 Grudziądz
51%
15 63 089 Łomża
42%
12 73 693 Piła
39%
Nie znaleziono quizów pasujących do podanych kryteriów
Rozkład punktacji
Procent ludzi z każdym wynikiem
Percentyl według liczby udzielonych odpowiedzi
Twoja historia wyników
Nie rozwiązałeś tego quizu